000 00737nam a2200265Ia 4500
001 1043
005 20240113233442.0
007 ta
008 050129s1977 a g b000 u asm u
020 _cHB
040 _aCotton College,Assam
041 _aasm
082 _a891.41
_bD 26 B
100 _aBarua, Atul Chandra .
245 0 _aBhulanath Das Rachanavali /
_cAtul Chandra Barua.
_hTextual Documents
250 _a1st ed. /
260 _aGuwahati :
_bAssam Prakashan Parishad ,
_c1977.
300 _a446p. :
_bill ;
_c23cm .
653 _aAssamese Lliterature-Collections
653 _aDas, Bhulanath-Collections
653 _aReference-Assamese
942 _2ddc
_cBK
999 _c1041
_d1041